| 000 | 00656nam a2200157 a 4500 | ||
|---|---|---|---|
| 008 | 120416s1987 ||||||||||||||||| || u | ||
| 050 | _aQA 276.12 Pfa | ||
| 100 | _aPfaffenberger, Roger C | ||
| 245 | 1 | 0 | _aStatistical methods for business and economics (3rd Ed.) |
| 250 | _a3rd. ed. | ||
| 260 |
_aHomewood _bIrwin _c1987 |
||
| 300 | _axiv, 1246p. : ill. | ||
| 350 | _a0.00 | ||
| 995 |
_aSHORT LOAN BOOKS _D0.00 _e724907 _FCBU-MAIN LIBRARY (Kitwe) _H2 _I29.95 _jQA 276.12 Pfa _M2 _UAVAILABLE _y011431 _ZShort Loan Collection |
||
| 995 |
_aBINDERY (DAMAGED) _D0.00 _e724908 _FCBU-MAIN LIBRARY (Kitwe) _H1 _I29.95 _jQA 276.12 Pfa _M1 _UAVAILABLE _y020431 _ZShort Loan Collection |
||
| 999 |
_c76772 _d76772 |
||